Detalles MARC
| 000 -LIDER |
| fixed length control field |
01312nam a22002897a 4500 |
| 001 - NÚMERO DE CONTROL |
| Identificador de número de control |
000458 |
| 003 - IDENTIFICACDOR DE NÚMERO DE CONTROL |
| control field |
DO-SdBNP |
| 005 - DATE AND TIME OF LATEST TRANSACTION |
| control field |
20230301125602.0 |
| 007 - CAMPOS FIJOS DE DESCRIPCIÓN FÍSICA |
| fixed length control field |
000458 |
| 008 - ELEMENTOS DE LONGITUD FIJA |
| fixed length control field |
160713b 2010 mx 00| 0 spa d |
| 020 ## - ISBN |
| International Standard Book Number |
9789705801891 |
| 040 ## - FUENTE DE CATALOGACIÓN |
| Campo enlazado y núm. de secuencia |
|
| Agencia que crea de manera original el registro |
BPMSU |
| Agencia que realiza la transcripción |
spa |
| Idioma de catalogación |
BPMSU |
| 082 ## - NÚMERO DE CLASIFICACIÓN DECIMAL DE DEWEY |
| Classification number |
808.83 |
| Item number |
C965i 2010 |
| Edition number |
22 |
| 245 #0 - MENCIÓN DE TITULO |
| Título |
Cuentos inolvidables según Julio Cortázar / |
| Mención de responsabilidad |
prólogo Cardés Álvarez Garriga. |
| 250 ## - MENCIÓN DE EDICION |
| Mención de edición |
|
| 260 ## - PUBLICACIÓN, DISTRIBUCIÓN, ETC. (PIE DE IMPRENTA) |
| Lugar de publicación, distribución, etc |
México : |
| Nombre del editor, distribuidor, etc. |
Alfaguara, |
| Fecha de publicación, distribución, etc |
2010. |
| 300 ## - DESCRIPCIÓN FÍSICA |
| Extensión |
321 p. : |
| Otros detalles físicos |
il. ; |
| Dimensiones |
23 cm. |
| 490 0# - MENCIÓN DE SERIES |
| Mención de serie |
Alfaguara juvenil |
| 500 ## - NOTA GENERAL |
| Nota general |
Incluye referencias bibliográficas y notas al pie de las páginas |
| 505 0# - NOTA DE CONTENIDO |
| Texto normalizado de contenido |
Tlon, Uqbar, Orbis Tertius / Jorge Luis Borges ; William Wilson / Edgar Allan Poe ; Un recuerdo navideño / Truman Capote ; El puente sobre el río del Búho / Ambrose Bierce ; La lección del maestro / Henry James ; La muerte de Iván Ilich / León Tolstoi ; Un sueño realizado / Juan Carlos Onetti ; La casa inundada / Felisberto Hernández ; Conejos blancos / Leonora Carrington ; Extasis / Katherine Mansfield |
| 590 ## - NOTA LOCAL |
| Enlace |
Inventariado, 2023/VM |
| 650 ## - ENCABEZAMIENTO DE MATERIA--TEMÁTICO |
| Término temático o nombre geográfico como elemento de entrada |
Cuentos |
| Subdivisión de forma |
Colecciones |
| 700 1# - ASIENTO SECUNDARIO -- NOMBRE PERSONAL |
| Nombre personal |
Borges, Jorge Luis, |
| Fechas asociadas con el nombre |
1899-1986. |
| Mención de responsabilidad |
|
| Título de una obra |
|
| 700 12 - ASIENTO SECUNDARIO -- NOMBRE PERSONAL |
| Nombre personal |
Álvarez Garriga, Cardés, |
| Mención de responsabilidad |
pról. |
| 910 ## - VALIDACIÓN |
| Validación |
VMateo V. Control de calidad (BPMSU) |
| 942 ## - ADDED ENTRY ELEMENTS (KOHA) |
| Source of classification or shelving scheme |
Dewey Decimal Classification |
| Koha item type |
Libros |